<?xml version="1.0" encoding="UTF-8"?><?xml-stylesheet type="text/xsl" href="static/style.xsl"?><OAI-PMH xmlns="http://www.openarchives.org/OAI/2.0/" xmlns:xsi="http://www.w3.org/2001/XMLSchema-instance" xsi:schemaLocation="http://www.openarchives.org/OAI/2.0/ http://www.openarchives.org/OAI/2.0/OAI-PMH.xsd"><responseDate>2026-04-17T05:45:36Z</responseDate><request verb="GetRecord" identifier="oai:www.recercat.cat:2117/80445" metadataPrefix="marc">https://recercat.cat/oai/request</request><GetRecord><record><header><identifier>oai:recercat.cat:2117/80445</identifier><datestamp>2026-01-15T02:08:12Z</datestamp><setSpec>com_2072_1033</setSpec><setSpec>col_2072_452949</setSpec></header><metadata><record xmlns="http://www.loc.gov/MARC21/slim" xmlns:dcterms="http://purl.org/dc/terms/" xmlns:xsi="http://www.w3.org/2001/XMLSchema-instance" xmlns:doc="http://www.lyncode.com/xoai" xsi:schemaLocation="http://www.loc.gov/MARC21/slim http://www.loc.gov/standards/marcxml/schema/MARC21slim.xsd">
   <leader>00925njm 22002777a 4500</leader>
   <datafield ind2=" " ind1=" " tag="042">
      <subfield code="a">dc</subfield>
   </datafield>
   <datafield ind2=" " ind1=" " tag="720">
      <subfield code="a">Schicchi, Maria Cristina da Silva</subfield>
      <subfield code="e">author</subfield>
   </datafield>
   <datafield ind2=" " ind1=" " tag="260">
      <subfield code="c">2015-06</subfield>
   </datafield>
   <datafield ind2=" " ind1=" " tag="520">
      <subfield code="a">As cidades médias e pequenas da Região Metropolitana de Campinas passaram por um processo de mudança sócioeconômica e cultural a partir da década de 1980 em que se intensificaram a desconcentração econômica e interiorização do desenvolvimento no estado, induzindo a expansão de áreas urbanas e a urbanização difusa em todo o território metropolitano. Tais processos provocaram mudanças nas relações de identidade e pertencimento da população. Esse artigo discute a necessidade de elaboração de novos critérios de identificação e classificação do patrimônio cultural das cidades da região - caracterizado como “disperso” e “diacrônico” - bem como de revisão dos instrumentos de preservação existentes no país. Apresentam-se dois momentos de pesquisa: o primeiro, de aproximação ao problema, em que duas cidades foram tomadas como estudos de caso, e o segundo, em que foi possível aprofundar o método de análise e interpretação interescalar do território, como princípio para a leitura deste patrimônio.</subfield>
   </datafield>
   <datafield ind2=" " ind1=" " tag="520">
      <subfield code="a">The mid-sized and small cities of the Metropolitan Region of Campinas were subject to a socioeconomic and cultural change process starting in the 1980s, when the economic decentralization and the development drive to the interior of the state were intensified, resulting in the expansion of urban areas and the diffuse urbanization of the whole metropolitan area. These processes changed the identity and belongingness relationships of the inhabitants. This article discusses the necessity of new criteria for the identification and classification of the cultural heritage of the cities of the Region, characterized as "dispersed" and "diachronic", as well as reviewing existing preservation instruments in Brazil. The research is divided in two phases: an approach to the problem, in which two cities were taken as case study, and a second one in which it was possible to deepen the inter-scalar method of analysis and interpretation of the territory as a starting point for the reading of this heritage.</subfield>
   </datafield>
   <datafield tag="653" ind2=" " ind1=" ">
      <subfield code="a">Àrees temàtiques de la UPC::Urbanisme</subfield>
   </datafield>
   <datafield tag="653" ind2=" " ind1=" ">
      <subfield code="a">Historic buildings -- Conservation and restoration -- Brazil -- Campinas (São Paulo)</subfield>
   </datafield>
   <datafield tag="653" ind2=" " ind1=" ">
      <subfield code="a">City planning -- Brazil -- Campinas (São Paulo)</subfield>
   </datafield>
   <datafield tag="653" ind2=" " ind1=" ">
      <subfield code="a">Cidades médias</subfield>
   </datafield>
   <datafield tag="653" ind2=" " ind1=" ">
      <subfield code="a">Patrimônio cultural</subfield>
   </datafield>
   <datafield tag="653" ind2=" " ind1=" ">
      <subfield code="a">Campinas</subfield>
   </datafield>
   <datafield tag="653" ind2=" " ind1=" ">
      <subfield code="a">Políticas de preservação</subfield>
   </datafield>
   <datafield tag="653" ind2=" " ind1=" ">
      <subfield code="a">Mid-sized cities</subfield>
   </datafield>
   <datafield tag="653" ind2=" " ind1=" ">
      <subfield code="a">Cultural heritage</subfield>
   </datafield>
   <datafield tag="653" ind2=" " ind1=" ">
      <subfield code="a">Campinas</subfield>
   </datafield>
   <datafield tag="653" ind2=" " ind1=" ">
      <subfield code="a">Preservation policies</subfield>
   </datafield>
   <datafield tag="653" ind2=" " ind1=" ">
      <subfield code="a">Edificis històrics -- Conservació i restauració -- Brasil -- Campinas</subfield>
   </datafield>
   <datafield tag="653" ind2=" " ind1=" ">
      <subfield code="a">Urbanisme -- Brasil -- Campinas</subfield>
   </datafield>
   <datafield ind2="0" ind1="0" tag="245">
      <subfield code="a">Cidades médias e pequenas: transformações metropolitanas e novos critérios de reconhecimento e proteção para patrimônios dispersos</subfield>
   </datafield>
</record></metadata></record></GetRecord></OAI-PMH>